000
00430nam a2200145Ia 4500
008
100122s9999 xx 000 0 und d
082
_b
17190
_a
823.08
100
_a
क्षीरसागर पंडित
245
_a
प्रतिज्ञा
260
_b
दत्त प्रकाशन
_c
1970
300
_a
152
630
_a
प्रतिज्ञा
730
_a
प्रतिज्ञा
942
_c
BOOK
999
_c
406990
_d
406987